|
LDR
| 05570cam a2201177 i 4500 |
|---|
| 001 | 154834 |
|---|
| 003 | SBPL |
|---|
| 005 | 20201215154736.0 |
|---|
| 008 | 060825t20072007nyua b 000 1 eng |
|---|
| 010 | | . |
‡a 2006023819 |
|---|
| 035 | | . |
‡a(OCoLC)71189662 |
|---|
| 020 | | . |
‡a9780375838095
‡q(hardcover) |
|---|
| 020 | | . |
‡a0375838090
‡q(hardcover) |
|---|
| 020 | | . |
‡a9780375938092
‡q(library binding) |
|---|
| 020 | | . |
‡a0375938095
‡q(library binding) |
|---|
| 020 | | . |
‡a9780375838101
‡q(paperback) |
|---|
| 020 | | . |
‡a0375838104
‡q(paperback) |
|---|
| 024 | 3 | . |
‡a9780375938092
‡d90000 |
|---|
| 050 | 0 | 0. |
‡aPZ7.P2197
‡bJsh 2007 |
|---|
| 060 | | 4. |
‡aPar |
|---|
| 082 | 0 | 4. |
‡a[Fic]
‡222 |
|---|
| 100 | 1 | . |
‡aPark, Barbara,
‡eauthor. |
|---|
| 245 | 1 | 0. |
‡aJunie B., first grader :
‡bdumb bunny /
‡cBarbara Park ; illustrated by Denise Brunkus. |
|---|
| 246 | 3 | 0. |
‡aDumb bunny |
|---|
| 264 | | 1. |
‡aNew York :
‡bRandom House,
‡c[2007] |
|---|
| 300 | | . |
‡a119 pages :
‡billustrations ;
‡c20 cm |
|---|
| 336 | | . |
‡atext
‡btxt
‡2rdacontent |
|---|
| 337 | | . |
‡aunmediated
‡bn
‡2rdamedia |
|---|
| 338 | | . |
‡avolume
‡bnc
‡2rdacarrier |
|---|
| 380 | | . |
‡aFiction
‡2marcgt |
|---|
| 490 | 1 | . |
‡aJunie B. Jones ;
‡vBk 27 |
|---|
| 505 | 0 | . |
‡aDumb bunnies and clucks -- Clothes and nubs -- Waiting and waiting -- Eggs and sweaty and other stuff -- The jelly bean game -- Me and Santa -- Polite rules -- Swooping -- Lucky bunny! -- Decisions. |
|---|
| 520 | | . |
‡aMeet the World’s Funniest First Grader—Junie B. Jones! It’s an Easter egg-stravaganza! Lucille is having an Easter egg hunt at her rich expensive mansion! And guess what? The winner gets a play date to swim in Lucille’s heated indoor swimming pool! Only, here is the problem. How did Junie B. get stuck wearing a big dumb bunny suit? And how can she possibly find eggs when she keeps tripping over her huge big rabbit feet? Being a dumb bunny is definitely not as easy as it looks. Will Junie B. end up with egg on her face? Or will the day deliver some very uneggspected results? |
|---|
| 600 | 1 | 0. |
‡aJones, Junie B.
‡c(Fictitious character)
‡vJuvenile fiction. |
|---|
| 650 | | 0. |
‡aEaster egg hunts
‡vJuvenile fiction. |
|---|
| 650 | | 0. |
‡aChildren's parties
‡vJuvenile fiction. |
|---|
| 650 | | 1. |
‡aWinning and losing
‡vFiction. |
|---|
| 650 | | 1. |
‡aParties
‡vFiction. |
|---|
| 650 | | 1. |
‡aRich girls
‡vFiction. |
|---|
| 650 | | 1. |
‡aDetermination in girls
‡vFiction. |
|---|
| 650 | | 1. |
‡aDetermination (Personal quality)
‡vFiction. |
|---|
| 650 | | 1. |
‡aFirst-grade girls
‡vFiction. |
|---|
| 655 | | 7. |
‡aJuvenile works. |
|---|
| 655 | | 7. |
‡aHumorous fiction.
‡2lcgft |
|---|
| 700 | 1 | . |
‡aBrunkus, Denise,
‡eillustrator. |
|---|
| 800 | 1 | . |
‡aPark, Barbara.
‡tJunie B. Jones series ;
‡vBk 27. |
|---|
| 901 | | . |
‡a154834
‡b
‡c154834
‡tbiblio |
|---|